[Event "Offene Bochumer StEM 2012"]
[Site "?"]
[Date "2012.11.15"]
[Round "3.1"]
[White "Sohlmann, Jan-Henning"]
[Black "Tuscher, Albin"]
[Result "1-0"]
[WhiteElo "2147"]
[BlackElo "1661"]
[PlyCount "85"]
[EventDate "2012.??.??"]
[WhiteTeam "SV Welper"]
[BlackTeam "SC Gerthe-Werne"]

1. e4 c5 2. Nf3 Nc6 3. Bb5 e6 4. O-O Nf6 5. Bxc6 bxc6 6. e5 Nd5 7. b3 Be7 8.
Bb2 O-O 9. Nc3 f5 10. d3 a5 11. Na4 Ba6 12. Ne1 Nb6 13. Nxb6 Qxb6 14. Bc3 a4
15. bxa4 Rab8 16. a3 Qd8 17. Nf3 Qe8 18. Nd2 g5 19. Rb1 Rxb1 20. Qxb1 Qb8 21.
Qd1 Qe8 22. Nc4 Bxc4 23. dxc4 Qc8 24. a5 Rd8 25. Qd3 Qa6 26. Rb1 Qa7 27. h3 Ra8
28. Rd1 Rd8 29. g3 f4 30. Kg2 Kg7 31. Qe4 Rb8 32. h4 Qc7 33. Rh1 Rh8 34. Bd2 h6
35. h5 Qc8 36. Qg6+ Kf8 37. Rb1 Bd8 38. a6 Bc7 39. Qf6+ Kg8 40. Qg6+ Kf8 41.
Qf6+ Kg8 42. a7 Qa8 43. Rb8+ 1-0

[Event "Offene Bochumer StEM 2012"]
[Site "?"]
[Date "2012.11.15"]
[Round "3.2"]
[White "Kiese, Matthias"]
[Black "Lang, Daniel"]
[Result "1-0"]
[WhiteElo "2125"]
[BlackElo "1996"]
[PlyCount "45"]
[EventDate "2012.??.??"]
[WhiteTeam "Bochumer SV 02"]
[BlackTeam "SV Wattenscheid"]

1. d4 Nf6 2. Nf3 e6 3. Bg5 d5 4. e3 Be7 5. c4 O-O 6. Nc3 c6 7. cxd5 exd5 8. Qc2
Re8 9. Bd3 Nbd7 10. O-O Nf8 11. Rab1 Ne4 12. Bf4 g5 13. Be5 f6 14. Bg3 f5 15.
Ne5 Bd6 16. Bxe4 fxe4 17. f3 Ng6 18. Nxg6 Bxg3 19. hxg3 hxg6 20. fxe4 dxe4 21.
Qb3+ Kh8 22. Qf7 Bf5 23. Rxf5 1-0

[Event "Offene Bochumer StEM 2012"]
[Site "?"]
[Date "2012.11.15"]
[Round "3.3"]
[White "Melmer, Felix"]
[Black "Bartel, Mario"]
[Result "1-0"]
[WhiteElo "1949"]
[BlackElo "2032"]
[PlyCount "69"]
[EventDate "2012.??.??"]
[WhiteTeam "SC Gerthe-Werne"]
[BlackTeam "SV Wattenscheid"]

1. f4 Nf6 2. Nf3 d5 3. e3 c5 4. b3 Nc6 5. Bb2 Bg4 6. Bb5 e6 7. Bxc6+ bxc6 8. h3
Bh5 9. d3 Nd7 10. e4 f6 11. O-O Qc7 12. Qe2 O-O-O 13. g4 Bf7 14. e5 Be7 15.
Nbd2 h5 16. Kg2 g5 17. exf6 Bxf6 18. Bxf6 Nxf6 19. Nxg5 hxg4 20. Qe5 Qe7 21.
Rae1 gxh3+ 22. Kh1 Nd7 23. Qg7 Rdf8 24. Rxe6 Qxe6 25. Nxe6 Bxe6 26. f5 Rhg8 27.
Qh6 Rf6 28. Qh7 Nf8 29. Qxa7 Bxf5 30. Qa8+ Kc7 31. Qe8 Bd7 32. Qe5+ Rd6 33. Rf6
Be6 34. Qf4 Nd7 35. Rxe6 {Zeitüberschreitung} 1-0

[Event "Offene Bochumer StEM 2012"]
[Site "?"]
[Date "2012.11.15"]
[Round "3.4"]
[White "Bastians, Felix"]
[Black "Budszuhn, Timo"]
[Result "1-0"]
[WhiteElo "2016"]
[BlackElo "1924"]
[PlyCount "47"]
[EventDate "2012.??.??"]
[WhiteTeam "SV Welper"]
[BlackTeam "SG Bochum 31"]

1. e4 e5 2. Nf3 Nc6 3. Bb5 a6 4. Ba4 Nf6 5. O-O Be7 6. Re1 b5 7. Bb3 d6 8. c3
O-O 9. h3 Na5 10. Bc2 c5 11. d4 Qc7 12. b4 Nc4 13. Nbd2 cxd4 14. cxd4 Nb6 15.
Bb3 d5 16. dxe5 Nxe4 17. Nxe4 dxe4 18. Rxe4 Bb7 19. Rd4 Bxf3 20. Qxf3 Qxe5 21.
Bb2 Qf6 22. Qe2 Rae8 23. Rg4 Qh6 24. Bxg7 1-0

[Event "Offene Bochumer StEM 2012"]
[Site "?"]
[Date "2012.11.15"]
[Round "3.5"]
[White "Quast, Marcel"]
[Black "Löffelbein, Klaus"]
[Result "1/2-1/2"]
[WhiteElo "2152"]
[BlackElo "1830"]
[PlyCount "68"]
[EventDate "2012.??.??"]
[WhiteTeam "SC Gerthe-Werne"]
[BlackTeam "SC Gerthe-Werne"]

1. e4 c5 2. d4 cxd4 3. c3 d5 4. exd5 Qxd5 5. cxd4 Nc6 6. Nf3 Bg4 7. Be2 Nf6 8.
Nc3 Qa5 9. O-O e6 10. h3 Bh5 11. Be3 Bd6 12. a3 O-O 13. Qb3 Rfc8 14. Rac1 Qd8
15. Rfd1 Na5 16. Qa2 a6 17. d5 exd5 18. Nxd5 Rxc1 19. Bxc1 Nc6 20. Nxf6+ Qxf6
21. Bg5 Qf5 22. g4 Bxg4 23. hxg4 Qxg4+ 24. Kf1 Ne5 25. Nxe5 Qh3+ 26. Ke1 Bxe5
27. Qd5 Re8 28. Qxb7 Bxb2 29. Qxb2 Qh1+ 30. Kd2 Qd5+ 31. Bd3 Qxg5+ 32. Kc2 Qf4
33. Rc1 Rb8 34. Kd1 Qa4+ 1/2-1/2

[Event "Offene Bochumer StEM 2012"]
[Site "?"]
[Date "2012.11.15"]
[Round "3.6"]
[White "Schmidt, Ralph"]
[Black "Jellinghaus, Lars"]
[Result "1/2-1/2"]
[WhiteElo "1917"]
[BlackElo "2055"]
[PlyCount "38"]
[EventDate "2012.??.??"]
[WhiteTeam "SV Linden"]
[BlackTeam "SV Linden"]

1. e4 e6 2. Nc3 d5 3. exd5 exd5 4. Qf3 Nf6 5. d4 Nc6 6. Bb5 Bg4 7. Qg3 Bd6 8.
Qh4 Bf5 9. Bg5 Be7 10. O-O-O O-O 11. Nf3 Ne4 12. Nxe4 Bxe4 13. Bxc6 Bxg5+ 14.
Nxg5 bxc6 15. Qg3 Bg6 16. Rhe1 Qd7 17. Re3 c5 18. Rc3 c4 19. Nf3 f6 1/2-1/2

[Event "Offene Bochumer StEM 2012"]
[Site "?"]
[Date "2012.11.15"]
[Round "3.7"]
[White "Müller, Falk"]
[Black "Berens, Thomas"]
[Result "1/2-1/2"]
[WhiteElo "1991"]
[BlackElo "1907"]
[PlyCount "138"]
[EventDate "2012.??.??"]
[WhiteTeam "SC Gerthe-Werne"]
[BlackTeam "SC Gerthe-Werne"]

1. e4 c5 2. Nf3 Nc6 3. Nc3 g6 4. Bc4 Bg7 5. d3 e6 6. O-O Nge7 7. Re1 O-O 8. e5
d5 9. exd6 Nf5 10. Ne4 Nxd6 11. Nxc5 Nxc4 12. dxc4 b6 13. Qxd8 Rxd8 14. Ne4 Ne5
15. Bg5 Nxf3+ 16. gxf3 Rd4 17. Rad1 Ba6 18. Rxd4 Bxd4 19. b3 f5 20. Rd1 Bg7 21.
Nf6+ Kh8 22. f4 h6 23. Bh4 Rf8 24. Nd7 Rf7 25. Bd8 Bc8 26. Ne5 Bxe5 27. fxe5
Rd7 28. Bf6+ Kg8 29. Rd3 Rxd3 30. cxd3 Kf7 31. f4 Bb7 32. Kf2 Ke8 33. Ke3 Kd7
34. Kd4 Bg2 35. a4 Bf3 36. Kc3 Kc6 37. b4 a6 38. b5+ axb5 39. axb5+ Kc7 40. Kb4
Be2 41. d4 Bf3 42. Bg7 h5 43. Bf8 Be4 44. Be7 Bf3 45. Bh4 Be4 46. Bf2 Bf3 47.
c5 Bd5 48. Be3 Kb7 49. Bf2 Kc7 50. Bh4 Be4 51. cxb6+ Kxb6 52. Bd8+ Kb7 53. Kc5
Kc8 54. Ba5 Kd7 55. Kb6 Kc8 56. Bb4 Bd5 57. Bc5 Be4 58. Ka7 Bd5 59. b6 Bc6 60.
Ka6 Bd5 61. Kb5 Kd7 62. Kb4 Be4 63. Kc4 Bd5+ 64. Kd3 Be4+ 65. Ke3 Bd5 66. Kf2
Ke8 67. Kg3 Kf7 68. Kh4 Be4 69. Kg5 Bd5 1/2-1/2

[Event "Offene Bochumer StEM 2012"]
[Site "?"]
[Date "2012.11.15"]
[Round "3.8"]
[White "Funke, Eckhard"]
[Black "Czarnik, Josef"]
[Result "1-0"]
[WhiteElo "1850"]
[BlackElo "1965"]
[PlyCount "129"]
[EventDate "2012.??.??"]
[WhiteTeam "SG Höntrop"]
[BlackTeam "SV KS Haltern"]

1. d4 d5 2. c4 c6 3. Nf3 Nf6 4. Nc3 e6 5. Bg5 Nbd7 6. e3 Bd6 7. Bd3 O-O 8. O-O
dxc4 9. Bxc4 e5 10. Ne4 Be7 11. Bxf6 Bxf6 12. Qb3 exd4 13. Nd6 Qe7 14. Nxc8
Rfxc8 15. exd4 Nb6 16. Rfe1 Qc7 17. Bf1 Rd8 18. Rad1 Rd5 19. Qe3 g6 20. b3 Rad8
21. g3 Qd7 22. Bg2 Bxd4 23. Nxd4 Rxd4 24. Rxd4 Qxd4 25. Qxd4 Rxd4 26. Re8+ Kg7
27. Bh3 Nd5 28. Rb8 Rb4 29. Rd8 f5 30. Rd7+ Kh6 31. Bg2 Nc3 32. Rd2 Rd4 33. Rc2
Rd1+ 34. Bf1 Ne4 35. Kg2 Rd2 36. Rxd2 Nxd2 37. Bd3 Ne4 38. f3 Nc3 39. a4 b5 40.
axb5 cxb5 41. Kf2 Kg5 42. Ke3 a5 43. Kd4 b4 44. Kc5 Kf6 45. Kb6 Ke5 46. Kxa5
Kd4 47. Bc4 Kc5 48. Bg8 h6 49. Bh7 g5 50. Bxf5 Ne2 51. Ka4 Nc3+ 52. Ka5 Nd5 53.
Bg6 Ne7 54. Be4 Ng8 55. f4 Nf6 56. fxg5 hxg5 57. Bf5 Nh5 58. Bg6 Ng7 59. h4
gxh4 60. gxh4 Ne6 61. h5 Nd4 62. Ka4 Ne6 63. h6 Nf8 64. Bc2 Kd4 65. h7 1-0

[Event "Offene Bochumer StEM 2012"]
[Site "?"]
[Date "2012.11.15"]
[Round "3.9"]
[White "Plückelmann, Thomas"]
[Black "Boost, Jürgen"]
[Result "1/2-1/2"]
[WhiteElo "1669"]
[BlackElo "1832"]
[PlyCount "33"]
[EventDate "2012.??.??"]
[WhiteTeam "SG Duisburg-Nord"]
[BlackTeam "SC Gerthe-Werne"]

1. d4 d5 2. c4 e6 3. Nf3 Be7 4. e3 Nf6 5. Nc3 O-O 6. Qc2 c5 7. Bd3 Nc6 8. dxc5
Nb4 9. Qd2 Nxd3+ 10. Qxd3 Bxc5 11. O-O b6 12. cxd5 exd5 13. Rd1 Bb7 14. b3 Qe7
15. Bb2 Rfd8 16. Nd4 Rac8 17. Rac1 1/2-1/2

[Event "Offene Bochumer StEM 2012"]
[Site "?"]
[Date "2012.11.15"]
[Round "3.11"]
[White "Buthmann, Ralf"]
[Black "Schüler, Bernd"]
[Result "1-0"]
[WhiteElo "1751"]
[BlackElo "1463"]
[PlyCount "59"]
[EventDate "2012.??.??"]
[WhiteTeam "SV KS Haltern"]
[BlackTeam "SC Gerthe-Werne"]

1. e4 e5 2. Nc3 Bb4 3. Nge2 Nf6 4. g3 O-O 5. Bg2 d6 6. O-O Bg4 7. h3 Be6 8. f4
Nc6 9. d3 Bxc3 10. bxc3 Rb8 11. d4 exd4 12. cxd4 d5 13. f5 Bc8 14. e5 Ne8 15.
Ba3 Ne7 16. f6 Ng6 17. Bxf8 Kxf8 18. fxg7+ Nxg7 19. Nf4 Nxf4 20. Rxf4 c6 21.
Qd3 Kg8 22. Raf1 Be6 23. Rh4 h5 24. Rf6 Qd7 25. Qe3 Bf5 26. Qg5 Bg6 27. Bf3 Re8
28. Bxh5 Ne6 29. Qh6 Ng7 30. Bxg6 1-0

[Event "Offene Bochumer StEM 2012"]
[Site "?"]
[Date "2012.11.15"]
[Round "3.12"]
[White "Kümmel, Hans-Jürgen"]
[Black "Jedner, Volker"]
[Result "0-1"]
[WhiteElo "1284"]
[BlackElo "1800"]
[PlyCount "60"]
[EventDate "2012.??.??"]
[WhiteTeam "SG Höntrop"]
[BlackTeam "SG Höntrop"]

1. Nf3 d5 2. c4 c6 3. d4 e6 4. Nc3 Nf6 5. Bf4 Nbd7 6. e3 Bb4 7. a3 Bxc3+ 8.
bxc3 Qa5 9. Qb3 O-O 10. Nd2 Re8 11. Be2 e5 12. dxe5 Nxe5 13. Bxe5 Rxe5 14. Nf3
Re7 15. O-O Bg4 16. h3 Bh5 17. Rfd1 Rae8 18. cxd5 Nxd5 19. Rac1 Nxe3 20. fxe3
Rxe3 21. Bc4 Qc5 22. Kh1 Rxf3 23. Be2 Rxh3+ 24. gxh3 Bxe2 25. Rf1 Bc4 26. Qd1
Bd5+ 27. Rf3 Qe3 28. Kh2 Bxf3 29. Qf1 Qf4+ 30. Kg1 Qg3+ 0-1

[Event "Offene Bochumer StEM 2012"]
[Site "?"]
[Date "2012.11.15"]
[Round "3.13"]
[White "Winterkamp, Sascha"]
[Black "Meise, Ulrich"]
[Result "1-0"]
[WhiteElo "1962"]
[BlackElo "1862"]
[PlyCount "97"]
[EventDate "2012.??.??"]
[WhiteTeam "SG Höntrop"]
[BlackTeam "SC Gerthe-Werne"]

1. d4 d5 2. Nf3 c6 3. c4 e6 4. Nc3 Nf6 5. Bg5 Nbd7 6. e3 Be7 7. Qc2 h6 8. Bh4
O-O 9. Rd1 Bb4 10. Bd3 dxc4 11. Bxc4 Qa5 12. O-O Nd5 13. Ne2 N5b6 14. Bb3 Re8
15. Nc1 Qh5 16. Bg3 a5 17. a3 Be7 18. Nd3 a4 19. Ba2 Bf6 20. Nf4 Qa5 21. Bb1
Nf8 22. Nd3 Qd5 23. Qe2 Nbd7 24. Bc7 b6 25. e4 Qb5 26. Qe3 c5 27. e5 Be7 28.
Bd6 Bxd6 29. exd6 cxd4 30. Nxd4 Qd5 31. Nb4 Qxd6 32. Be4 Ba6 33. Rfe1 Qb8 34.
Bxa8 Qxa8 35. Nxa6 Qxa6 36. Nf5 Nf6 37. Nd6 Re7 38. Qc3 Rd7 39. Qc4 Qa8 40. Nb5
Nd5 41. Nc3 Rc7 42. Qe4 Rc8 43. Nxd5 exd5 44. Qxd5 Qa7 45. Qf5 Rc5 46. Re5 g6
47. Qe4 Ne6 48. h4 Rc8 49. Rxe6 1-0

[Event "Offene Bochumer StEM 2012"]
[Site "?"]
[Date "2012.11.15"]
[Round "3.14"]
[White "Schumann, Burkhard"]
[Black "Rath, Michael"]
[Result "0-1"]
[WhiteElo "1649"]
[BlackElo "1711"]
[PlyCount "66"]
[EventDate "2012.??.??"]
[WhiteTeam "SC Gerthe-Werne"]
[BlackTeam "SV KS Haltern"]

1. e4 e6 2. d4 b6 3. c4 Bb7 4. Bd3 Nf6 5. Qe2 Bb4+ 6. Nd2 Qe7 7. Ngf3 d5 8.
exd5 exd5 9. Qxe7+ Kxe7 10. O-O Re8 11. a3 Bd6 12. Re1+ Kf8 13. Rxe8+ Kxe8 14.
b4 c5 15. bxc5 bxc5 16. dxc5 dxc4 17. Bxc4 Bxc5 18. Nb3 Bb6 19. Bb2 Nbd7 20.
Re1+ Kf8 21. Ne5 Nxe5 22. Bxe5 Ne4 23. Bg3 Rc8 24. Rc1 Rd8 25. a4 a5 26. Be2
Bd5 27. Bd1 f5 28. Bc7 Bxf2+ 29. Kf1 Rd7 30. Bxa5 Be3 31. Rc8+ Kf7 32. Rc7 Rxc7
33. Bxc7 Bc4+ 0-1

[Event "Offene Bochumer StEM 2012"]
[Site "?"]
[Date "2012.11.15"]
[Round "3.15"]
[White "Domnik, Roland"]
[Black "Säglitz, Patrick"]
[Result "1-0"]
[WhiteElo "1739"]
[BlackElo "1424"]
[PlyCount "95"]
[EventDate "2012.??.??"]
[WhiteTeam "TuS Witten-Stockum"]
[BlackTeam "SC Gerthe-Werne"]

1. d4 Nf6 2. c4 c5 3. Nf3 cxd4 4. Nxd4 e6 5. Bg5 Qa5+ 6. Bd2 Bb4 7. Nc3 O-O 8.
e3 Nc6 9. a3 Be7 10. Nd5 Qd8 11. Nxc6 bxc6 12. Nxe7+ Qxe7 13. Bb4 c5 14. Bc3
Bb7 15. f3 d5 16. Qc2 Nd7 17. Bd3 dxc4 18. Bxh7+ Kh8 19. Be4 Qh4+ 20. Ke2 Bxe4
21. Qxe4 Qxe4 22. fxe4 Rfd8 23. Rhf1 f6 24. e5 Nxe5 25. Bxe5 fxe5 26. Rad1 Kg8
27. Rxd8+ Rxd8 28. Rd1 Rd5 29. Rc1 Kf7 30. Rxc4 Kf6 31. e4 Rd4 32. Rxc5 Rxe4+
33. Kf3 Rf4+ 34. Ke3 Ra4 35. Rc3 Kf5 36. h3 Re4+ 37. Kf2 Rd4 38. Rf3+ Ke4 39.
Ke2 Kd5 40. b3 Rf4 41. g3 Rxf3 42. Kxf3 Kd4 43. Ke2 Kc3 44. h4 Kxb3 45. g4 Kxa3
46. h5 Kb3 47. g5 a5 48. h6 1-0

[Event "Offene Bochumer StEM 2012"]
[Site "?"]
[Date "2012.11.15"]
[Round "3.16"]
[White "Ebersbach, Hans-Joachim"]
[Black "Salin, Armin"]
[Result "1/2-1/2"]
[WhiteElo "1565"]
[BlackElo "1641"]
[PlyCount "65"]
[EventDate "2012.??.??"]
[WhiteTeam "SC Gerthe-Werne"]
[BlackTeam "SV Linden"]

1. e4 c5 2. c3 d5 3. exd5 Qxd5 4. Nf3 Bg4 5. Be2 Nc6 6. Na3 a6 7. O-O e6 8. Nc2
Nf6 9. d4 cxd4 10. cxd4 Rd8 11. Ne3 Qd7 12. Nxg4 Nxg4 13. Ng5 Nf6 14. Be3 Nxd4
15. Bc4 b5 16. Bb3 h6 17. Bxd4 Qxd4 18. Qxd4 Rxd4 19. Nf3 Rd6 20. Rac1 Be7 21.
Rc8+ Bd8 22. Rfc1 O-O 23. R8c6 Rxc6 24. Rxc6 a5 25. Rc5 b4 26. Ne5 Bb6 27. Rc6
Bd4 28. Nc4 Ne4 29. Nxa5 Bxf2+ 30. Kf1 Bc5 31. Ke2 Be7 32. Rc4 f5 33. Nc6
1/2-1/2

[Event "Offene Bochumer StEM 2012"]
[Site "?"]
[Date "2012.11.22"]
[Round "4.1"]
[White "Bastians, Felix"]
[Black "Sohlmann, Jan-Henning"]
[Result "1-0"]
[WhiteElo "2016"]
[BlackElo "2147"]
[PlyCount "51"]
[EventDate "2012.??.??"]
[WhiteTeam "SV Welper"]
[BlackTeam "SV Welper"]

1. e4 e6 2. d4 d5 3. exd5 exd5 4. Nf3 Bg4 5. h3 Bh5 6. Qe2+ Qe7 7. Be3 Nc6 8.
Nc3 Bxf3 9. gxf3 O-O-O 10. O-O-O Qf6 11. Qb5 Nge7 12. Rg1 h6 13. f4 a6 14. Qa4
Ng6 15. Bxa6 Bb4 16. Bxb7+ Kxb7 17. Qb5+ Kc8 18. Nxd5 Rxd5 19. Qxd5 Nxf4 20.
Qc4 Rd8 21. d5 Ba3 22. Qa6+ Kb8 23. Qxa3 Ne2+ 24. Kb1 Nxg1 25. Rxg1 Rxd5 26.
Qb3+ 1-0

[Event "Offene Bochumer StEM 2012"]
[Site "?"]
[Date "2012.11.22"]
[Round "4.2"]
[White "Melmer, Felix"]
[Black "Kiese, Matthias"]
[Result "0-1"]
[WhiteElo "1949"]
[BlackElo "2125"]
[PlyCount "82"]
[EventDate "2012.??.??"]
[WhiteTeam "SC Gerthe-Werne"]
[BlackTeam "Bochumer SV 02"]

1. f4 Nf6 2. Nf3 g6 3. g3 Bg7 4. Bg2 O-O 5. O-O d5 6. d3 c5 7. c3 Nc6 8. Na3 b6
9. Qa4 Bb7 10. e4 Qd7 11. Qc2 Rac8 12. Qe2 c4 13. e5 cxd3 14. Qxd3 Ne4 15. Rd1
Qg4 16. Be3 Na5 17. Nd2 Nxd2 18. Rxd2 e6 19. Qf1 g5 20. Bf3 Qf5 21. Qe2 gxf4
22. gxf4 Kh8 23. Kh1 Rg8 24. Rd4 Bf8 25. Nb5 Ba6 26. c4 Rxc4 27. a4 Rxd4 28.
Bxd4 Nb3 29. Rd1 Nxd4 30. Rxd4 Bc5 31. Rd1 Qxf4 32. b3 Rg5 33. Bg2 Bxb5 34.
axb5 Qxe5 35. Qa2 Bd6 36. Bf3 Qe3 37. Rf1 Bc5 38. Qa1+ Bd4 39. Qd1 Rf5 40. Bg2
Rxf1+ 41. Qxf1 f5 0-1

[Event "Offene Bochumer StEM 2012"]
[Site "?"]
[Date "2012.11.22"]
[Round "4.3"]
[White "Tuscher, Albin"]
[Black "Quast, Marcel"]
[Result "1/2-1/2"]
[WhiteElo "1661"]
[BlackElo "2152"]
[PlyCount "77"]
[EventDate "2012.??.??"]
[WhiteTeam "SC Gerthe-Werne"]
[BlackTeam "SC Gerthe-Werne"]

1. e4 e5 2. Nf3 d6 3. d4 exd4 4. Nxd4 Nf6 5. Nc3 Be7 6. Be2 O-O 7. O-O Re8 8.
Re1 c5 9. Nb3 Nc6 10. Bf4 a6 11. a4 Be6 12. Nd2 Qc7 13. Bc4 Bxc4 14. Nxc4 Rad8
15. Nd5 Nxd5 16. exd5 Nb8 17. a5 Bf8 18. Qd2 Nd7 19. Rxe8 Rxe8 20. Re1 Rxe1+
21. Qxe1 Nf6 22. Nb6 h6 23. g3 g5 24. Bd2 Qe7 25. f3 Qxe1+ 26. Bxe1 Be7 27. c4
Bd8 28. Nc8 Ne8 29. Kf2 f5 30. b4 cxb4 31. Bxb4 Kf7 32. Ke3 h5 33. h3 Kg6 34.
Ke2 g4 35. hxg4 fxg4 36. fxg4 hxg4 37. Ke3 Kf5 38. Kd3 Bc7 39. Ke3 1/2-1/2

[Event "Offene Bochumer StEM 2012"]
[Site "?"]
[Date "2012.11.22"]
[Round "4.4"]
[White "Bartel, Mario"]
[Black "Funke, Eckhard"]
[Result "1-0"]
[WhiteElo "2032"]
[BlackElo "1850"]
[PlyCount "67"]
[EventDate "2012.??.??"]
[WhiteTeam "SV Wattenscheid"]
[BlackTeam "SG Höntrop"]

1. e4 c5 2. Nf3 d6 3. d4 cxd4 4. Nxd4 Nf6 5. Nc3 a6 6. Be3 e5 7. Nb3 Be6 8. Qd2
Be7 9. O-O-O O-O 10. f3 Nbd7 11. Kb1 b5 12. g4 Nc5 13. Nc1 Qc7 14. g5 Nh5 15.
N1e2 b4 16. Nd5 Bxd5 17. Qxd5 Ne6 18. Rg1 g6 19. h4 Rfc8 20. Rd2 a5 21. Bh3 Qc4
22. b3 Qc7 23. Bxe6 fxe6 24. Qxe6+ Kh8 25. f4 a4 26. fxe5 dxe5 27. Rgd1 a3 28.
Bb6 Ng7 29. Bxc7 Nxe6 30. Bxe5+ Kg8 31. Rd7 Re8 32. Bf6 Bxf6 33. gxf6 Nc5 34.
f7+ 1-0

[Event "Offene Bochumer StEM 2012"]
[Site "?"]
[Date "2012.11.22"]
[Round "4.5"]
[White "Skara, Milenko"]
[Black "Buthmann, Ralf"]
[Result "0-1"]
[WhiteElo "1751"]
[BlackElo "1751"]
[PlyCount "78"]
[EventDate "2012.??.??"]
[WhiteTeam "SG Höntrop"]
[BlackTeam "SV KS Haltern"]

1. e4 c5 2. Nf3 d6 3. d4 cxd4 4. Nxd4 Nf6 5. Nc3 a6 6. Be2 e6 7. O-O Qc7 8. f4
Nc6 9. Be3 Be7 10. Qe1 O-O 11. Qg3 Rd8 12. Rad1 Bd7 13. Bf3 b5 14. e5 Ne8 15.
Kh1 Rac8 16. Rf2 g6 17. f5 Nxe5 18. fxe6 Bxe6 19. Rdf1 Ng7 20. Nd5 Bxd5 21.
Bxd5 Rf8 22. Bh6 Qd7 23. Bxg7 Kxg7 24. Nf5+ Kh8 25. Nh6 f6 26. h4 Rc5 27. Be4
d5 28. Bd3 Nxd3 29. cxd3 d4 30. Ng4 Kg7 31. Qf4 f5 32. Ne5 Qd6 33. Re2 Bd8 34.
Rfe1 Bc7 35. h5 Re8 36. h6+ Kg8 37. Nxg6 Rxe2 38. Rxe2 Qxf4 39. Nxf4 Bxf4 {
Zeitüberschreitung} 0-1

[Event "Offene Bochumer StEM 2012"]
[Site "?"]
[Date "2012.11.22"]
[Round "4.7"]
[White "Boost, Jürgen"]
[Black "Müller, Falk"]
[Result "1/2-1/2"]
[WhiteElo "1832"]
[BlackElo "1991"]
[PlyCount "29"]
[EventDate "2012.??.??"]
[WhiteTeam "SC Gerthe-Werne"]
[BlackTeam "SC Gerthe-Werne"]

1. e4 e6 2. d4 c5 3. Nf3 cxd4 4. Nxd4 Nc6 5. c4 Nf6 6. Nc3 a6 7. g3 d6 8. Bg2
Bd7 9. O-O Be7 10. h3 O-O 11. Be3 Rb8 12. Nxc6 Bxc6 13. Rc1 Nd7 14. b4 Ne5 15.
b5 1/2-1/2

[Event "Offene Bochumer StEM 2012"]
[Site "?"]
[Date "2012.11.22"]
[Round "4.8"]
[White "Löffelbein, Klaus"]
[Black "Winterkamp, Sascha"]
[Result "1-0"]
[WhiteElo "1830"]
[BlackElo "1962"]
[PlyCount "47"]
[EventDate "2012.??.??"]
[WhiteTeam "SC Gerthe-Werne"]
[BlackTeam "SG Höntrop"]

1. d4 Nf6 2. c4 c5 3. d5 e6 4. Nc3 exd5 5. cxd5 d6 6. e4 g6 7. f4 Bg7 8. Bb5+
Nbd7 9. e5 dxe5 10. fxe5 Nh5 11. e6 O-O 12. exd7 Qh4+ 13. Kf1 Bxd7 14. Bxd7
Rae8 15. Bxe8 Rxe8 16. Nce2 Bd4 17. Nxd4 cxd4 18. Nf3 Qe4 19. Qxd4 Qe2+ 20. Kg1
Re4 21. Qd2 Qc4 22. b3 Qc5+ 23. Qf2 Qxd5 24. Bd2 1-0

[Event "Offene Bochumer StEM 2012"]
[Site "?"]
[Date "2012.11.22"]
[Round "4.9"]
[White "Jedner, Volker"]
[Black "Schmidt, Ralph"]
[Result "1-0"]
[WhiteElo "1800"]
[BlackElo "1917"]
[PlyCount "65"]
[EventDate "2012.??.??"]
[WhiteTeam "SG Höntrop"]
[BlackTeam "SV Linden"]

1. d4 d5 2. Nf3 g6 3. c4 dxc4 4. e4 Nf6 5. e5 Nd5 6. Bxc4 Bg4 7. h3 Bxf3 8.
Qxf3 e6 9. O-O Nc6 10. Rd1 Nce7 11. Bg5 c6 12. Nd2 h6 13. Ne4 hxg5 14. Nd6+ Kd7
15. Nxf7 Qe8 16. Nxh8 Nf5 17. g4 Nh4 18. Qf7+ Be7 19. Bxd5 cxd5 20. Rac1 a6 21.
Qxe8+ Kxe8 22. Rc7 Kf8 23. Rdc1 b5 24. Rd7 Bd8 25. Nf7 Be7 26. Nd6 Nf3+ 27. Kg2
Nxd4 28. Rcc7 Bxd6 29. exd6 e5 30. Rh7 Kg8 31. d7 Rf8 32. Rc8 Ne6 33. Re7 1-0

[Event "Offene Bochumer StEM 2012"]
[Site "?"]
[Date "2012.11.22"]
[Round "4.10"]
[White "Berens, Thomas"]
[Black "Schumann, Burkhard"]
[Result "1-0"]
[WhiteElo "1907"]
[BlackElo "1649"]
[PlyCount "63"]
[EventDate "2012.??.??"]
[WhiteTeam "SC Gerthe-Werne"]
[BlackTeam "SC Gerthe-Werne"]

1. d4 f5 2. Nf3 Nf6 3. g3 e6 4. Bg2 d5 5. O-O c6 6. c4 Be7 7. Bf4 O-O 8. Nbd2
Qe8 9. e3 Ne4 10. Rc1 Nd7 11. Ne5 Nxd2 12. Qxd2 g5 13. Nxd7 Qxd7 14. Be5 Bf6
15. cxd5 exd5 16. f4 g4 17. b4 a6 18. a4 Bd8 19. Rb1 Qf7 20. Rfc1 Bd7 21. Qb2
Rc8 22. b5 axb5 23. axb5 Be7 24. Qb3 Be6 25. bxc6 bxc6 26. Qb6 Bd7 27. Qa7 Qe8
28. Rb7 Ra8 29. Qb6 Bd8 30. Qc5 Qe6 31. Rcb1 Bc8 32. Rg7+ 1-0

[Event "Offene Bochumer StEM 2012"]
[Site "?"]
[Date "2012.11.22"]
[Round "4.11"]
[White "Rath, Michael"]
[Black "Domnik, Roland"]
[Result "1-0"]
[WhiteElo "1711"]
[BlackElo "1739"]
[PlyCount "73"]
[EventDate "2012.??.??"]
[WhiteTeam "SV KS Haltern"]
[BlackTeam "TuS Witten-Stockum"]

1. d4 e6 2. e4 c5 3. d5 exd5 4. exd5 d6 5. Bb5+ Bd7 6. Qe2+ Qe7 7. Nc3 a6 8.
Bxd7+ Nxd7 9. Bf4 Ngf6 10. f3 Qxe2+ 11. Ngxe2 Nh5 12. O-O-O Nxf4 13. Nxf4 O-O-O
14. Rhe1 g6 15. Kb1 Bh6 16. Nd3 Rhe8 17. Ne4 Kc7 18. g4 f5 19. gxf5 gxf5 20.
Ng3 Nb6 21. Nxf5 Bg5 22. h4 Bf6 23. Nf4 Kd7 24. Ne6 Rc8 25. Re4 Nxd5 26. Nf8+
Rxf8 27. Rxd5 Rc6 28. Ne3 Re8 29. Rxe8 Kxe8 30. Rh5 Rb6 31. b3 Rc6 32. Nd5 Bd8
33. Rxh7 b5 34. c4 bxc4 35. bxc4 Rc8 36. h5 Kf8 37. h6 1-0

[Event "Offene Bochumer StEM 2012"]
[Site "?"]
[Date "2012.11.22"]
[Round "4.12"]
[White "Lang, Daniel"]
[Black "Schüler, Bernd"]
[Result "1-0"]
[WhiteElo "1996"]
[BlackElo "1463"]
[PlyCount "57"]
[EventDate "2012.??.??"]
[WhiteTeam "SV Wattenscheid"]
[BlackTeam "SC Gerthe-Werne"]

1. d4 e5 2. dxe5 Nc6 3. e4 Nxe5 4. Be3 d6 5. Be2 Nf6 6. Nc3 Be7 7. h3 O-O 8. f4
Nc6 9. Qd2 a5 10. Nf3 Nd7 11. O-O f5 12. exf5 Rxf5 13. Bd3 Rf8 14. Nd5 Nf6 15.
c4 Be6 16. Ng5 Bxd5 17. cxd5 Nb4 18. Ne6 Qd7 19. Nxf8 Bxf8 20. Bc4 b6 21. a3
Na6 22. b4 b5 23. Bb3 a4 24. Ba2 Qf5 25. Rac1 Kh8 26. Rc6 Ne8 27. Bb1 Qd7 28.
Qd3 Nb8 29. Qxh7# 1-0

[Event "Offene Bochumer StEM 2012"]
[Site "?"]
[Date "2012.11.22"]
[Round "4.13"]
[White "Czarnik, Josef"]
[Black "Kümmel, Hans-Jürgen"]
[Result "1-0"]
[WhiteElo "1965"]
[BlackElo "1284"]
[PlyCount "85"]
[EventDate "2012.??.??"]
[WhiteTeam "SV KS Haltern"]
[BlackTeam "SG Höntrop"]

1. d4 Nf6 2. Nc3 d5 3. Bg5 e6 4. e4 Be7 5. e5 Ne4 6. Bxe7 Qxe7 7. Nxe4 dxe4 8.
c3 Nd7 9. Bb5 O-O 10. Ne2 c6 11. Ba4 b5 12. Bc2 Rb8 13. Bxe4 Bb7 14. O-O c5 15.
Qd3 Bxe4 16. Qxe4 Nb6 17. Rfd1 Nd5 18. dxc5 Qxc5 19. Ng3 Ne7 20. Rd7 Ng6 21.
Re1 Qb6 22. h4 Rfd8 23. Red1 Rxd7 24. Rxd7 a5 25. h5 Nf8 26. Rd6 Qc7 27. Qh4 f6
28. Qd4 Qf7 29. f4 f5 30. Rd8 Rxd8 31. Qxd8 Qb7 32. h6 Qd7 33. Qg5 Qd1+ 34. Kh2
Qg4 35. hxg7 Qxg5 36. gxf8=Q+ Kxf8 37. fxg5 Kg7 38. Kh3 h6 39. gxh6+ Kxh6 40.
Kh4 Kg6 41. Ne2 Kf7 42. Kg5 Ke7 43. Nd4 1-0

[Event "Offene Bochumer StEM 2012"]
[Site "?"]
[Date "2012.11.22"]
[Round "4.15"]
[White "Meise, Ulrich"]
[Black "Ebersbach, Hans-Joachim"]
[Result "1-0"]
[WhiteElo "1862"]
[BlackElo "1565"]
[PlyCount "95"]
[EventDate "2012.??.??"]
[WhiteTeam "SC Gerthe-Werne"]
[BlackTeam "SC Gerthe-Werne"]

1. e4 e5 2. Nf3 Nc6 3. Nc3 Nf6 4. d4 exd4 5. Nxd4 d6 6. Bg5 Be7 7. Nxc6 bxc6 8.
Bd3 O-O 9. O-O Be6 10. Ne2 h6 11. Bh4 Ng4 12. Bxe7 Qxe7 13. Nd4 Ne5 14. Be2 Bc4
15. f4 Bxe2 16. Qxe2 Nd7 17. Nxc6 Qf6 18. e5 dxe5 19. Nxe5 Nxe5 20. Qxe5 Qb6+
21. Kh1 Rfe8 22. Qc3 Re3 23. Qd2 Rae8 24. b3 Re2 25. Qd7 Qb7 26. Rg1 R8e7 27.
Qd8+ Re8 28. Qd3 R8e3 29. Qf5 Qc6 30. c4 g6 31. Qg4 Qf6 32. Rad1 Rxa2 33. Qc8+
Kg7 34. Qxc7 Rxb3 35. Rd6 Qa1 36. Rdd1 Qb2 37. Qc5 Rba3 38. Rd8 Ra6 39. Qf8+
Kf6 40. Qh8+ Kf5 41. Qxh6 Ra1 42. Qg5+ Ke4 43. Qd5+ Kxf4 44. g3+ Ke3 45. Qg5+
Ke2 46. Qg4+ Ke3 47. Qf4+ Ke2 48. Qe4+ 1-0